| 000 | 00765nam a22002537a 4500 | ||
|---|---|---|---|
| 003 | LK-CoMWRAF | ||
| 005 | 20231206151132.0 | ||
| 008 | 230927b2004 |||||||| |||| 00| 0 eng d | ||
| 020 | _a 9558610186 | ||
| 040 |
_aLK-CoMWRAF _dLK-CoMWRAF _eLK-CoMWRAF |
||
| 041 | _aeng | ||
| 082 |
_a362.5 _bJAY |
||
| 100 | _aJayaweera, Swarna | ||
| 245 | _aGender and poverty in selected locations in Sri Lanka | ||
| 260 |
_aColombo: _bCentre for Women's Research, _c2004 |
||
| 300 |
_a273 p. ; 26 cm. _bBibliography included |
||
| 490 |
_aStudy series ; _vno. 33 |
||
| 650 | _aRURAL POOR-Sri Lanka | ||
| 650 | _aPoor women-Sri Lanka. | ||
| 650 | _aWomen in economic development-Sri Lanka. | ||
| 700 | _a Sanmugam, Thana | ||
| 700 | _aAmarasuriya, Harini | ||
| 942 | _cBK | ||
| 999 |
_c3700 _d3700 |
||